| 000 | 00483nam a2200181Ia 4500 | ||
|---|---|---|---|
| 008 | 230718s9999 xx 000 0 und d | ||
| 020 | _a9788122427677 | ||
| 041 | _aeng | ||
| 082 |
_a621.319'2 _bCHO |
||
| 100 | _aChoudhury D.R. | ||
| 245 | _aNetworks And Systems | ||
| 250 | _a2nd ed. | ||
| 260 |
_c2015 _bNew Age International Publishers |
||
| 300 | _a946 | ||
| 365 |
_cRs. _b475.00 |
||
| 700 | _aChoudhury D.R. | ||
| 906 |
_dO:0663016-Sep-2019B:IN31511-Sep-2019 _cSBB-M _b475 |
||
| 999 |
_c350368 _d350368 |
||